Statistics for World Capitals That End in N

Click here to take the quiz!

General Stats

  • This quiz has been taken 516 times
  • The average score is 18 of 24

Answer Stats

ContinentCapital% Correct
London
93%
EuropeBerlin
91%
Lisbon
90%
Washington D.C.
90%
Bern
89%
OceaniaWellington
86%
Copenhagen
84%
Dublin
84%
Kingston
84%
Kingstown
84%
South AmericaAsuncion
81%
Tallinn
81%
Georgetown
78%
Tehran
77%
North AmericaBelmopan
70%
AsiaAmman
69%
Bridgetown
69%
Yaren
69%
Cape Town
67%
Freetown
67%
Yerevan
67%
AfricaBloemfontein
58%
Port-of-Spain
58%
Bandar Seri Begawan
46%

Score Distribution

Percentile by Number Answered

Percent of People with Each Score

Your Score History

You have not taken this quiz